| 000 | 01489cam a22004694i 4500 | ||
|---|---|---|---|
| 003 | PE-LiUPU | ||
| 005 | 20250731180115.0 | ||
| 008 | 150623s1994 pe a r 000 0 sp d | ||
| 035 | _a(Sirsi) a24462 | ||
| 040 |
_aPE-LiUPU _bspa _cPE-LiUPU _erda |
||
| 082 | 0 | 4 |
_a530.76 _bP52 _221 |
| 100 | 1 |
_aPiaggio Henderson, Miguel, _eautor. |
|
| 245 | 1 | 0 |
_aFísica con ejercicios / _cMiguel Piaggio Henderson. |
| 264 | 1 |
_aLima : _bPontificia Universidad Católica del Perú, _c1994. |
|
| 300 |
_a345 páginas : _bilustraciones, gráficos ; _c25 cm. |
||
| 336 |
_atext _2rdacontent |
||
| 337 |
_aunmediated _2rdamedia |
||
| 338 |
_avolume _2rdacarrier |
||
| 505 | 0 | _aFísica con ejercicios. | |
| 526 | _aSEG44 | ||
| 526 | _aSEG26 | ||
| 526 | _aP159 | ||
| 526 | _aP155 | ||
| 526 | _aP154 | ||
| 526 | _aP153 | ||
| 526 | _aP150 | ||
| 526 | _aP100 | ||
| 526 | _aP31 | ||
| 526 | _aP30 | ||
| 526 | _aP26 | ||
| 526 | _aP25 | ||
| 526 | _aP24 | ||
| 526 | _aP22 | ||
| 526 | _aP15 | ||
| 526 | _aP10 | ||
| 650 | 0 | 4 |
_aFísica _xProblemas, Ejercicios, etc. |
| 942 |
_2ddc _cBOOK |
||
| 949 |
_a530.76 P52 _wDEWEY _c1 _i48775 _lCCODEBUL1 _mBUL _p00.00 _r0 _sY _tBOOK _u2015-06-24 _xINGENIERIA _zUNKNOWN _0COMPRA _o.STAFF. Colección General |
||
| 596 | _a1 | ||
| 999 |
_a530.76 P52 _wDEWEY _c27943 _i48775 _d27943 _e2017-8-11 _f2021-11-5 _g7 _lCCODEBUL1 _mBUL _n1 _q1 _r0 _sN _tBOOK _u2015-6-24 _xBIBLIOTECA _zUNKNOWN _0COMPRA _o.STAFF. Colección General |
||
| 980 |
_81 _gALBERTO SANCHEZ Responsable de Automatización |
||